| 000 | 00452nam a2200181Ia 4500 | ||
|---|---|---|---|
| 001 | 1956 | ||
| 005 | 20260306143806.0 | ||
| 008 | 260306t2012||||xx |||||||||||||| ||spa|| | ||
| 041 | _aESP | ||
| 082 |
_a158.4 _bS36 |
||
| 100 |
_aSegarra, Oriol _eAUT |
||
| 245 | 0 |
_aLiderazgo peregrino: _buna guía práctica para liderar el cambio |
|
| 260 | _c2012 | ||
| 300 |
_a282 páginas : _c21cm. |
||
| 650 | _aGEN | ||
| 654 | _aCPS | ||
| 942 |
_cLIB _dJUS _fJUS _2ddc _n |
||
| 999 |
_c1956 _d1956 |
||